Simbase Misters Irrelevant Quiz Stats

 Plays Quiz not verified by Sporcle

Score 0/22 Timer 08:00
0 Plays Today
Year Player % Correct
4 (v3)Andy Kaufman
75%
2 (v3)Tom Bergeron
75%
18General Tso
75%
3 (v3)Katherine Wei-Sender
50%
13Mr. Goodwrench
50%
12Kyo-2
50%
7Amy Yasbeck
50%
4John Frink
50%
3Belgarath
25%
20Kabal
25%
19Mike Scifres
25%
Year Player % Correct
16Jon Bon Jovi
25%
15Jed Porkins
25%
14Watto
25%
11John Dodge
25%
10L. Ron Hubbard
25%
8Snowball II
25%
6Lara Flynn Boyle
25%
5Elfego Baca
25%
2Stoney Case
25%
17Andre Citroen
0%
9Herbert Powell
0%

You're not logged in!

Compare scores with friends on all Sporcle quizzes.
OR
Log In

Show Comments

Extras

Top Quizzes Today


Score Distribution

Your Account Isn't Verified!

In order to create a playlist on Sporcle, you need to verify the email address you used during registration. Go to your Sporcle Settings to finish the process.

Report this User

Report this user for behavior that violates our Community Guidelines.

Details: